Normal view MARC view
  • Mercedes-Benz Türk A.Ş.

Entry Corporate Name

Number of records used in: 1

001 - CONTROL NUMBER

  • control field: 120130

003 - CONTROL NUMBER IDENTIFIER

  • control field: DLC

005 - DATE AND TIME OF LATEST TRANSACTION

  • control field: 20180529140526.0

008 - FIXED-LENGTH DATA ELEMENTS

  • fixed length control field: 041228n| acannaabn |a ana

010 ## - LIBRARY OF CONGRESS CONTROL NUMBER

  • LC control number: n 2004115135

040 ## - CATALOGING SOURCE

  • Original cataloging agency: DLC
  • Transcribing agency: DLC

110 2# - HEADING--CORPORATE NAME

  • Corporate name or jurisdiction name as entry element: Mercedes-Benz Türk A.Ş.

410 2# - SEE FROM TRACING--CORPORATE NAME

  • Corporate name or jurisdiction name as entry element: Mercedes-Benz (Firm : Turkey)

670 ## - SOURCE DATA FOUND

  • Source citation: Atlas Harita (Firm). Türkiye gezi haritası, c2004:
  • Information found: map recto (Mercedes-Benz) map verso (Mercedes-Benz Türk A.Ş.)

750 ## - ESTABLISHED HEADING LINKING ENTRY--TOPICAL TERM

  • Authority record control number or standard number: (DLC)n 2004115135
  • Source of heading or term: lcsh
Devinim Yazılım Eğitim Danışmanlık tarafından Koha'nın orjinal sürümü uyarlanarak geliştirilip kurulmuştur.